| Tag |
First Indicator |
Second Indicator |
Subfields |
| LEADER |
00000cam a2200000 a 4500 |
| 001 |
in00001404969 |
| 005 |
20151020064104.0 |
| 008 |
970602s1997 enka b 001 0 eng d |
| 010 |
|
|
|a 97179499
|
| 015 |
|
|
|a GB97-40232
|
| 020 |
|
|
|a 0748405216
|
| 035 |
|
|
|a (OCoLC)37156233
|
| 035 |
|
|
|9 AHP4477AM
|
| 040 |
|
|
|a Uk
|c DLC
|d UKM
|d AGL
|d NLM
|d TXA
|d UtOrBLW
|
| 042 |
|
|
|a lccopycat
|
| 049 |
|
|
|a TXAM
|
| 050 |
0 |
0 |
|a QL737.R666
|b T835 1997
|
| 060 |
0 |
0 |
|a 1997 I-996
|
| 060 |
1 |
0 |
|a SF 996.5
|b T893d 1997
|
| 069 |
0 |
|
|a 9715086
|
| 070 |
0 |
|
|a SF407.R38T83
|b 1997
|
| 072 |
|
0 |
|a L110
|a L830
|
| 082 |
0 |
0 |
|a 619/.93
|2 21
|
| 100 |
1 |
|
|a Tucker, Mary J.
|
| 245 |
1 |
0 |
|a Diseases of the Wistar rat /
|c Mary J. Tucker.
|
| 264 |
|
1 |
|a London ;
|a Bristol, PA :
|b Taylor & Francis,
|c [1997]
|
| 264 |
|
4 |
|c ©1997
|
| 300 |
|
|
|a xiii, 254 pages :
|b illustrations ;
|c 24 cm.
|
| 336 |
|
|
|a text
|b txt
|2 rdacontent
|
| 337 |
|
|
|a unmediated
|b n
|2 rdamedia
|
| 338 |
|
|
|a volume
|b nc
|2 rdacarrier
|
| 504 |
|
|
|a Includes bibliographical references and index.
|
| 650 |
|
0 |
|a Rats
|x Diseases.
|
| 650 |
|
0 |
|a Rats as laboratory animals.
|
| 650 |
1 |
2 |
|a Rodent Diseases.
|
| 650 |
2 |
2 |
|a Animals, Laboratory.
|
| 650 |
2 |
2 |
|a Rats, Wistar.
|
| 948 |
|
|
|a c:jal
|
| 999 |
|
|
|a MARS
|
| 999 |
f |
f |
|s ee1a4d82-af40-3693-9dd0-52e5fe047fcd
|i 28acfd84-c91e-3aa1-b569-a7853f74fc4b
|t 0
|
| 952 |
f |
f |
|p ric
|a Texas A&M University
|b Rellis Campus
|c Joint Library Facility
|d Remote Storage
|t 0
|e QL737.R666 T835 1997
|h Library of Congress classification
|i unmediated -- volume
|m A14822491208
|
| 998 |
f |
f |
|a QL737.R666 T835 1997
|t 0
|l Remote Storage
|